000 00432nam a22001217a 4500
082 _a200 THE
100 _aBushra Khalid
_969756
245 _aTH-SOF-1621-Imaging Solution by a Fusion of Thermal and Color Images using the Convolutional Neural Network
260 _aISLAMABAD
_bNUST COLLEGE OF EME
_c2019
650 _aMS-COMPUTER ENGINEERING MSTHESIS
_969757
700 _aSupervisor Dr. Muhammad Usman Akram
_969721
942 _cCF
999 _c576895
_d576895